[Event "Mechanics' Winter TNM; 30/90, SD/30"]
[Site "San Francisco"]
[Date "2014.02.04"]
[Round "5.38"]
[White "Frank, Robert"]
[Black "Cowgill, Jackie"]
[Result "1-0"]
[WhiteElo "1396"]
[BlackElo "1040"]
[Annotator "Donaldson"]
[PlyCount "81"]
[EventDate "2014.??.??"]

1. d4 d5 2. Nf3 Nf6 3. e3 c5 4. c3 Bg4 5. h3 Bh5 6. Bd3 cxd4 7. cxd4 (7. exd4
$1) 7... e6 8. O-O b6 9. Nbd2 Be7 10. Bb5+ Nbd7 11. Re1 O-O 12. Qa4 Nb8 13. Ne5
a6 14. Bd3 b5 $2 {Diagram #} 15. Qc2 (15. Bxb5 $1) 15... Nbd7 16. f4 Re8 17. g4
Rc8 18. Qb1 Nxe5 19. fxe5 Ne4 20. Nxe4 dxe4 21. Bxe4 Bg6 22. Bxg6 hxg6 23. Kh2
Bb4 24. Re2 Qh4 $2 (24... Qd5) 25. Bd2 Bxd2 26. Rxd2 Qd8 27. Qg1 Qa5 28. Rf2
Rc4 29. g5 Rec8 30. Qd1 Qc7 31. Kg1 f6 $2 (31... Rc2 $14) 32. gxf6 gxf6 33.
Rxf6 Qh7 34. Qg4 Rc1+ 35. Rxc1 Rxc1+ 36. Kf2 Kg7 37. Rxe6 Rc2+ 38. Kg3 Rc1 39.
Kg2 Rc2+ 40. Kf1 Rh2 41. Re7+ 1-0

[Event "Mechanics' Fall TNM; 30/90, SD/30"]
[Site "San Francisco"]
[Date "2014.11.18"]
[Round "4.45"]
[White "Frank, Robert"]
[Black "Gomboluudev, Enkhjin"]
[Result "0-1"]
[WhiteElo "1286"]
[BlackElo "1464"]
[PlyCount "54"]
[EventDate "2014.??.??"]

1. d4 d5 2. Nf3 Nf6 3. e3 e6 4. Bd3 c5 5. c3 Nc6 6. Nbd2 Bd6 7. e4 cxd4 8. cxd4
dxe4 9. Nxe4 Be7 10. Bg5 O-O 11. Nxf6+ Bxf6 12. Bxf6 Qxf6 13. O-O Rd8 14. Qa4
h6 15. Rad1 Ne7 16. Be4 Nf5 17. Bxf5 Qxf5 18. Qb3 b6 19. Rd2 Bb7 20. Qe3 Rac8
21. Nh4 Qg4 22. Qg3 Rxd4 23. Qxg4 Rxg4 24. Nf3 Bxf3 25. g3 Rgc4 26. h4 g5 27.
Rd3 Be2 0-1

[Event "Mechanics' Whitehead TNM; 30/90, SD/30"]
[Site "San Francisco"]
[Date "2014.08.19"]
[Round "3.10"]
[White "Frank, Robert"]
[Black "Grey, Peter"]
[Result "0-1"]
[WhiteElo "1344"]
[BlackElo "2000"]
[PlyCount "114"]
[EventDate "2014.??.??"]

1. d4 Nf6 2. Nf3 g6 3. g3 Bg7 4. Bg2 O-O 5. O-O d6 6. c4 Nc6 7. Nc3 a6 8. a4
Bg4 9. h3 Bxf3 10. Bxf3 e5 11. Bxc6 bxc6 12. dxe5 dxe5 13. Qxd8 Raxd8 14. b3
Rb8 15. Rb1 Rb7 16. b4 Rfb8 17. Ba3 Bf8 18. c5 Nd5 19. Rfc1 Nxb4 20. Ne4 Nd5
21. Rxb7 Rxb7 22. e3 Rb3 23. Ra1 Rb8 24. Kg2 f5 25. Nd2 e4 26. Nc4 Bg7 27. Re1
Bc3 28. Re2 Rb1 29. Bb2 Bxb2 30. Rxb2 Rxb2 31. Nxb2 Nc3 32. g4 Kf7 33. Kg3 fxg4
34. Kxg4 Kf6 35. h4 h6 36. f4 exf3 37. Kxf3 Ke5 38. a5 Kd5 39. Nd3 Kc4 40. Ne5+
Kb5 41. Nxg6 Kxa5 42. e4 Kb5 43. Ne7 a5 44. e5 a4 45. e6 a3 46. Ng6 Nd5 47. Nf4
Ne7 48. Ne2 Kxc5 49. Nc3 Kc4 50. Na2 Kd5 51. Ke3 Kxe6 52. Kd3 Kf5 53. Kc3 Kg4
54. Kb3 Kxh4 55. Kxa3 Kg4 56. Nb4 h5 57. Na6 h4 0-1

[Event "Mechanics' Spring TNM; 30/90, SD/30"]
[Site "San Francisco"]
[Date "2014.04.22"]
[Round "6.32"]
[White "Frank, Robert"]
[Black "Hilliard, Michael"]
[Result "1-0"]
[WhiteElo "1438"]
[BlackElo "1400"]
[Annotator "Donaldson"]
[PlyCount "67"]
[EventDate "2014.??.??"]

1. d4 d5 2. Nf3 e6 3. e3 c5 4. c3 Nc6 5. Bd3 Nf6 6. Nbd2 cxd4 7. cxd4 (7. exd4
$1) 7... Bb4 8. a3 Ba5 9. b4 Bc7 10. b5 Ne7 11. a4 O-O 12. O-O b6 13. Bb2 Bb7
14. Ne5 Ne4 15. f3 Nxd2 16. Qxd2 f6 17. Ng4 Qb8 18. f4 h5 19. Nf2 Qe8 20. Rac1
Bd6 21. e4 Rd8 22. e5 Bb8 23. Ba3 fxe5 24. fxe5 Rf7 25. Qg5 Nf5 26. Nh3 Nh6 27.
Bg6 Rxf1+ 28. Rxf1 Qd7 29. Qxh5 Rc8 30. Bc1 Rc4 31. Bxh6 gxh6 32. Qxh6 Qg7 33.
Qg5 Rxd4 34. Qd8+ 1-0

[Event "Mechanics' Winter TNM; 30/90, SD/30"]
[Site "San Francisco"]
[Date "2014.01.21"]
[Round "3.33"]
[White "Frank, Robert"]
[Black "Hood, Bryan"]
[Result "0-1"]
[WhiteElo "1396"]
[BlackElo "979"]
[Annotator "Donaldson"]
[PlyCount "104"]
[EventDate "2014.??.??"]

1. d4 d5 2. Nf3 Nf6 3. e3 Bg4 4. c4 e6 5. h3 Bxf3 6. Qxf3 c5 7. cxd5 Qxd5 8.
Qxd5 Nxd5 9. Bb5+ Nc6 10. O-O Ndb4 11. Nc3 Nc2 12. Rb1 cxd4 13. Nd1 Bc5 14. a3
O-O 15. Ba4 d3 16. b4 Bb6 17. Bb2 Rfd8 18. Rc1 N2d4 19. exd4 Nxd4 20. Nc3 Nf5
21. Rcd1 Ng3 22. Rfe1 d2 23. Re5 Bd4 24. Rxd2 Bxe5 25. Rxd8+ Rxd8 26. fxg3 Rd3
27. Bb5 Rxc3 28. Bxc3 Bxc3 29. Kf2 a6 30. Bc4 b5 31. Bb3 Bb2 32. a4 Ba3 33.
axb5 axb5 34. Kf3 Bxb4 35. g4 g5 36. Ke4 Bd6 37. Kd4 Kf8 38. Bc2 h6 39. Bd3 b4
40. Kc4 Ke7 41. Be4 f6 42. Bd3 Kd7 43. Bc2 Kc6 44. Bb3 e5 45. Kd3 Kc5 46. Ke4
Bc7 47. Kf5 $4 (47. Kd3 $11 {
Black is two pawns up but has no way to break through.}) 47... Kd4 48. Kxf6 e4
49. Ba4 e3 50. Bb5 b3 51. Kg6 b2 52. Kxh6 b1=Q 0-1

[Event "Mechanics' SummerTNM; 30/90, SD/30"]
[Site "San Francisco"]
[Date "2014.06.24"]
[Round "5.36"]
[White "Frank, Robert"]
[Black "MacIntyre, Brendan"]
[Result "0-1"]
[WhiteElo "1341"]
[BlackElo "1723"]
[Annotator "Winslow,Elliott C"]
[PlyCount "87"]
[EventDate "2014.??.??"]

1. d4 d5 2. Nf3 Nf6 3. e3 e6 4. Bd3 c5 5. c3 Bd6 6. Nbd2 O-O 7. e4 dxe4 8. Nxe4
Nxe4 9. Bxe4 Be7 10. O-O cxd4 11. Nxd4 Nd7 12. Qc2 Nf6 13. Bf3 Qb6 14. Bg5 Qc5
15. Be3 Qa5 16. b4 Qc7 17. a4 a6 18. Rab1 e5 19. Ne2 Bg4 20. Bxg4 Nxg4 21. Qe4
Nf6 22. Qc2 Rac8 23. Rfc1 Rfd8 24. a5 Qc4 25. Rd1 Rxd1+ 26. Qxd1 Rd8 27. Qe1
Nd5 28. Bd2 f5 29. Ng3 f4 30. Qe4 Qxe4 31. Nxe4 Kf7 32. c4 Nxb4 33. Bxb4 Bxb4
34. c5 Bxa5 35. Nd6+ Kg6 36. Nxb7 Rb8 37. c6 Bc7 38. f3 Kf6 ({
The other scoresheet says} 38... Kf7) 39. h3 a5 40. Kf1 Ra8 41. Rc1 Ke7 42. Ke2
a4 43. Kd2 a3 44. Nc5 {... somehow Black's rook is already on a6: 44.Nc5 Rxc6
45.Nb3 Rxc1 46.Kxc1 Kd6 48.Kb1 Kd5 49.Ka2 e4 50.fxe4+ Kxe4 51.Kxa3 Ke3 52.Nc1
Kf2 53. g fxg3 54.Nd3+ Kf1 0-1} 0-1

[Event "Mechanics' Spring TNM; 30/90, SD/30"]
[Site "San Francisco"]
[Date "2014.04.08"]
[Round "4.26"]
[White "Frank, Robert"]
[Black "Macintire, Brendan"]
[Result "0-1"]
[WhiteElo "1438"]
[BlackElo "1688"]
[PlyCount "64"]
[EventDate "2014.??.??"]

1. d4 d5 2. Nf3 Nf6 3. e3 e6 4. Bd3 c5 5. c3 Bd6 6. Nbd2 Nbd7 7. e4 dxe4 8.
Nxe4 Nxe4 9. Bxe4 Nf6 10. Bd3 Qc7 11. O-O O-O 12. Bg5 Nd5 13. Re1 f6 14. Bh4 c4
15. Bc2 Ne7 16. b4 Nf5 17. Bxf5 exf5 18. Bg3 f4 19. Bh4 Bg4 20. h3 Bd7 21. a4
h6 22. Kf1 g5 23. g4 Rae8 24. Qc2 Kg7 25. Rxe8 Rxe8 26. Re1 Qc6 27. Rxe8 Bxe8
28. Ke2 Bg6 29. Qd1 Qe4+ 30. Kd2 Qd3+ 31. Ke1 Qxc3+ 32. Qd2 Qxf3 0-1

[Event "Mechanics' Whitehead TNM; 30/90, SD/30"]
[Site "San Francisco"]
[Date "2014.08.26"]
[Round "4.19"]
[White "Frank, Robert"]
[Black "Newey, Richard"]
[Result "0-1"]
[WhiteElo "1344"]
[BlackElo "1747"]
[Annotator "Donaldson"]
[PlyCount "92"]
[EventDate "2014.??.??"]

1. d4 e6 2. e4 d5 3. e5 c5 4. c3 Nc6 5. Nf3 cxd4 6. cxd4 Bb4+ 7. Bd2 Bd7 8. a3
Ba5 9. b4 Bb6 10. Be3 Rc8 11. Nbd2 Nge7 12. Nb3 Nf5 13. Bd3 Nh4 14. O-O Nxf3+
15. Qxf3 Ne7 16. Nc5 Bxc5 17. bxc5 Bc6 18. Qg3 Ng6 19. f4 a6 20. f5 exf5 21.
Bxf5 Bd7 22. Bxd7+ Qxd7 23. Rf3 O-O 24. Qh3 (24. Raf1 $16 {
- White should stay in the middlegame.}) 24... Qxh3 25. Rxh3 b6 26. Rc1 bxc5
27. dxc5 Nxe5 28. Bd4 Nc6 29. Bf2 Rfe8 30. Rd3 Rcd8 31. Kf1 f6 32. Re1 Re5 33.
Bg3 Rf5+ 34. Ke2 Re8+ 35. Kd2 Rxe1 36. Bxe1 d4 37. Rb3 Rxc5 38. Rb6 a5 39. a4
Ne5 40. Bf2 Nc4+ 41. Kd3 Nxb6 42. Bxd4 Rd5 43. Ke4 Rxd4+ 44. Kxd4 Nxa4 45. Kc4
Nb6+ 46. Kb3 Kf7 0-1

[Event "Mechanics' Winter TNM; 30/90, SD/30"]
[Site "San Francisco"]
[Date "2014.02.18"]
[Round "7.34"]
[White "Frank, Robert"]
[Black "Schlosberg, Mark"]
[Result "0-1"]
[WhiteElo "1396"]
[BlackElo "671"]
[PlyCount "108"]
[EventDate "2014.??.??"]

1. d4 d5 2. Nf3 e6 3. e3 Nf6 4. Bd3 Bd6 5. Nbd2 Nbd7 6. e4 dxe4 7. Nxe4 Nxe4 8.
Bxe4 Nf6 9. Bd3 O-O 10. O-O b6 (10... c5) 11. Qe2 Bb7 12. Rd1 (12. Re1 Re8 13.
Bg5 Qe7 14. Rad1) 12... Re8 13. Bg5 Be7 (13... Qe7 {intending c5}) 14. Ne5 Nd7
{Diagram #} (14... Qd5 $1 15. Qf1 c5) 15. Bxe7 $2 (15. Bxh7+ $1 Kxh7 16. Qh5+
Kg8 17. Nxf7 Qc8 18. Nh6+ gxh6 19. Qg6+ Kh8 20. Qxh6+ Kg8 21. Qg6+ Kh8 22. Rd3)
15... Qxe7 16. Nxd7 Qxd7 17. Qh5 g6 18. Qe5 Qd5 19. f3 Qxe5 20. dxe5 Red8 21.
Kf2 Kg7 22. Ke3 Rac8 23. a4 Rd5 24. Kf4 Bc6 25. b3 Rcd8 26. Be2 Rxd1 27. Rxd1
Rxd1 28. Bxd1 f6 29. h4 h6 30. g4 g5+ 31. Kg3 fxe5 32. Be2 gxh4+ 33. Kxh4 e4
34. f4 Kg6 35. g5 hxg5+ 36. fxg5 e5 37. Bh5+ Kg7 38. Kg3 e3 39. Bf3 Bxf3 40.
Kxf3 e2 41. Kxe2 Kg6 42. Ke3 Kxg5 43. Ke4 Kf6 44. b4 a5 45. b5 Ke6 46. Kd3 Kd5
47. Ke3 e4 48. Ke2 Kd4 49. Kd2 e3+ 50. Ke2 Kc3 51. Kxe3 Kxc2 52. Kd4 Kb3 53.
Kd5 Kxa4 54. Kc6 Kb4 0-1

[Event "Mechanics' Winter TNM; 30/90, SD/30"]
[Site "San Francisco"]
[Date "2014.01.07"]
[Round "1.14"]
[White "Frank, Robert"]
[Black "Steger, Eric"]
[Result "0-1"]
[WhiteElo "1396"]
[BlackElo "1937"]
[PlyCount "64"]
[EventDate "2014.??.??"]

1. d4 Nf6 2. Nf3 g6 3. g3 Bg7 4. Bg2 d5 5. O-O O-O 6. e3 Bg4 7. h3 Bxf3 8. Bxf3
Nbd7 9. c4 c6 10. cxd5 cxd5 11. Qb3 Nb6 12. Nc3 Qd7 13. Kh2 Rfc8 14. Qb5 Rc6
15. Qd3 Rac8 16. Nb5 Ra8 17. Bd2 Nc4 18. Bc3 a6 19. Na3 Nxa3 20. bxa3 Rac8 21.
Bb2 Rc2 22. Qb3 Qf5 23. Kg2 Ne4 24. g4 Qxf3+ 25. Kxf3 Nd2+ 26. Kg2 Nxb3 27.
axb3 Rxb2 28. b4 e5 29. dxe5 Bxe5 30. Rab1 Rxb1 31. Rxb1 b5 32. Rb3 Rc3 0-1

[Event "Mechanics' Spring TNM; 30/90, SD/30"]
[Site "San Francisco"]
[Date "2014.03.25"]
[Round "2.33"]
[White "Frank, Robert"]
[Black "Zulkhuu, Jamyandagva"]
[Result "0-1"]
[WhiteElo "1438"]
[BlackElo "787"]
[PlyCount "72"]
[EventDate "2014.??.??"]

1. d4 d5 2. Nf3 Nc6 3. e3 Nf6 4. Bd3 g6 5. Nbd2 Bf5 6. Bxf5 gxf5 7. Nb3 e6 8.
Qd3 a6 9. a3 Bd6 10. Bd2 Ng4 11. h3 Nf6 12. O-O-O Ne4 13. Be1 Rg8 14. Rg1 Qf6
15. g3 O-O-O 16. h4 h6 17. Qf1 e5 18. c3 Qg6 19. Nh2 a5 20. f3 Nf6 21. Qb5 e4
22. f4 Ng4 23. Nxg4 Qxg4 24. Nxa5 Nxa5 25. Qxa5 Qe2 26. Qxd5 Rd7 27. Qa5 Rdd8
28. Qa8+ Kd7 29. Qxb7 Ra8 30. Qb3 Ra5 31. Qxf7+ Kc6 32. Qxg8 Rxa3 33. Qe8+ Kb7
34. Qb5+ Qxb5 35. bxa3 Bxa3+ 36. Kc2 Qb2# 0-1

[Event "Mechanics' Winter TNM; 30/90, SD/30"]
[Site "San Francisco"]
[Date "2014.02.11"]
[Round "6.41"]
[White "Friedrich, Joseph"]
[Black "Otterbach, Renate"]
[Result "1-0"]
[WhiteElo "1285"]
[BlackElo "1132"]
[PlyCount "71"]
[EventDate "2014.??.??"]

1. e3 e6 2. c4 c5 3. Nc3 Nc6 4. a3 a5 5. b3 Nf6 6. Nf3 Be7 7. Bb2 O-O 8. Be2
Qc7 9. Nb5 Qb8 10. d4 b6 11. d5 Rd8 12. Qc2 Ba6 13. dxc6 Bxb5 14. cxb5 dxc6 15.
bxc6 Rd6 16. Be5 Qd8 17. Bxd6 Qxd6 18. Bb5 Rc8 19. Rd1 Qc7 20. e4 Qf4 21. Qd3
Nxe4 22. c7 Nd6 23. O-O Rxc7 24. Rfe1 h6 25. g3 Qf6 26. Ba4 Rc8 27. Ne5 Rd8 28.
Nc4 Nf5 29. Qc2 Nd4 30. Rxd4 Qxd4 31. Nxb6 c4 32. Nxc4 Bc5 33. Nxa5 Bxa3 34.
Nc6 Qb6 35. Nxd8 Qxd8 36. Rd1 1-0

[Event "Mechanics' Winter TNM; 30/90, SD/30"]
[Site "San Francisco"]
[Date "2014.01.07"]
[Round "1.20"]
[White "Friedrich, Joseph"]
[Black "Royzen, Igor"]
[Result "0-1"]
[WhiteElo "1285"]
[BlackElo "1852"]
[PlyCount "106"]
[EventDate "2014.??.??"]

1. f4 d5 2. Nf3 Nf6 3. b3 Bf5 4. Bb2 e6 5. e3 Nbd7 6. c4 c6 7. d4 Bd6 8. c5 Bc7
9. b4 Ne4 10. Nbd2 Ndf6 11. g3 Ng4 12. Nxe4 dxe4 13. Nh4 Nxe3 14. Qb3 Nxf1 15.
Nxf5 exf5 16. Rxf1 Qd5 17. Qc3 h5 18. O-O-O h4 19. a4 O-O-O 20. Rf2 g6 21. Qe3
Rh5 22. Kb1 Rdh8 23. Rdd2 hxg3 24. hxg3 Rh1+ 25. Bc1 Qc4 26. Rb2 Rd1 27. Rh2
Rxh2 28. Rxh2 Qxb4+ 29. Rb2 Qxd4 30. Qb3 Qd3+ 31. Qc2 Ba5 32. Rb3 Qxc2+ 33.
Kxc2 Rf1 34. Re3 Bb4 35. Bb2 Bxc5 36. Re2 Rf2 37. Rxf2 Bxf2 38. Kd2 Bxg3 39.
Be5 g5 40. a5 Bxf4+ 41. Bxf4 gxf4 42. a6 bxa6 43. Ke1 a5 44. Kf2 a4 45. Ke1 a3
46. Kf1 a2 47. Kf2 a1=Q 48. Kg2 Qc3 49. Kh2 Qf3 50. Kg1 e3 51. Kh2 e2 52. Kg1
e1=R+ 53. Kh2 Rh1# 0-1

[Event "Mechanics' Whitehead TNM; 30/90, SD/30"]
[Site "San Francisco"]
[Date "2014.09.09"]
[Round "6.5"]
[White "Fuentes, Romulo"]
[Black "Askin, Michael"]
[Result "1-0"]
[WhiteElo "2215"]
[BlackElo "1913"]
[Annotator "Donaldson"]
[PlyCount "59"]
[EventDate "2014.??.??"]

1. e4 c6 2. d4 d5 3. e5 Bf5 4. Nc3 Qb6 5. Nge2 e6 6. Ng3 Bg6 7. h4 h5 8. Be2 c5
9. dxc5 Bxc5 10. O-O Ne7 11. Na4 Qb4 $2 (11... Qc7) 12. c3 Bxf2+ (12... Qa5 13.
b4) 13. Rxf2 Qxh4 14. Bf4 (14. Nc5 $1 {heading to d6 was very strong.}) 14...
Nd7 15. b4 (15. Bb5 $1 Nc6 16. c4 $1 {catches Black's king in the center.})
15... f6 (15... a6) 16. Bb5 Nc6 17. Bxc6 bxc6 18. Qe2 Bf7 19. Nf1 a5 20. Nc5
axb4 21. Nxd7 Kxd7 22. Bg3 Qg5 23. exf6 gxf6 24. cxb4 h4 25. Bf4 Qg7 26. b5 c5
27. b6 e5 28. b7 Ra5 29. Bd2 Bh5 30. Qd3 1-0

[Event "Mechanics' Whitehead TNM; 30/90, SD/30"]
[Site "San Francisco"]
[Date "2014.09.02"]
[Round "5.1"]
[White "Fuentes, Romulo"]
[Black "Byambaa, Uyanga"]
[Result "0-1"]
[WhiteElo "2215"]
[BlackElo "2171"]
[Annotator "Donaldson"]
[PlyCount "84"]
[EventDate "2014.??.??"]

1. d4 Nf6 2. Nf3 g6 3. Nc3 Bg7 4. e4 d6 5. Bg5 O-O 6. Qd2 Nbd7 7. O-O-O c5 8.
Bh6 a6 9. Bxg7 Kxg7 10. e5 Ne8 11. h4 (11. exd6 exd6 12. h4 {
was a strong alternative.}) 11... cxd4 12. Qxd4 Qb6 13. Qd2 Nxe5 14. Nxe5 $6 (
14. Nd5 Qc5 15. b4 $1 Qa7 16. h5 {gives White a very strong attack.}) 14...
dxe5 15. h5 Qd4 {The worst is over for Black.} 16. Qe1 Qf4+ 17. Kb1 Nf6 18.
hxg6 hxg6 19. Bd3 Be6 20. g3 Qg5 21. Ne4 Nxe4 22. Qxe4 Rfd8 23. Rhe1 Rd5 24.
Rh1 Rd4 25. Qe2 Rad8 26. b3 b5 27. f4 exf4 28. Qh2 fxg3 29. Qh7+ Kf6 30. Rdf1+
Bf5 {The end of the attack for White.} 31. Bxf5 gxf5 32. Rh6+ Ke5 {
The king is quite safe here thanks to Black's well-centralized pieces.} 33.
Re1+ (33. Rxf5+ Qxf5 34. Rh5 e6 35. Rxf5+ (35. Qxf7 {or} Kf4 36. Rxf5+ exf5)
35... exf5 {- in both cases the two rooks and passed pawns are way too much
for the queen to handle.}) 33... Re4 34. Rg1 Qg4 35. Rxa6 Rd1+ 36. Rxd1 Qxd1+
37. Kb2 Qd4+ 38. Ka3 b4+ 39. Ka4 Qd7+ 40. Ka5 Kd4 41. Qh6 Qc7+ 42. Kxb4 Qc5+ {
A well-played game by Uyanga Byambaa, who now leads the Jay Whitehead Memorial
with a score of 5-0.} 0-1

[Event "Mechanics' SummerTNM; 30/90, SD/30"]
[Site "San Francisco"]
[Date "2014.05.27"]
[Round "1.4"]
[White "Fuentes, Romulo"]
[Black "Campers, Willie"]
[Result "1-0"]
[WhiteElo "2225"]
[BlackElo "1614"]
[PlyCount "67"]
[EventDate "2014.??.??"]

1. e4 e5 2. Nf3 Nc6 3. d4 d6 4. Bc4 Nf6 5. Ng5 d5 6. exd5 Nxd5 7. dxe5 Be6 8.
Nxe6 fxe6 9. O-O Qd7 10. c3 O-O-O 11. Qe2 h5 12. a4 Kb8 13. a5 a6 14. b4 Na7
15. Be3 Nxe3 16. Qxe3 Be7 17. Qh3 Rh6 18. Na3 g5 19. Be2 Qd2 20. Rfe1 g4 21.
Qg3 Rg8 22. Rad1 Qg5 23. Rd7 Nc6 24. Nc4 h4 25. Qe3 g3 26. fxg3 hxg3 27. Qxg3
Qxg3 28. hxg3 Rxg3 29. Bf3 Bh4 30. Red1 Rhg6 31. Rf7 Bd8 32. Bxc6 bxc6 33.
Rxd8+ Kb7 34. Nd6+ 1-0

[Event "Mechanics' SummerTNM; 30/90, SD/30"]
[Site "San Francisco"]
[Date "2014.06.24"]
[Round "5.4"]
[White "Fuentes, Romulo"]
[Black "Grey, Peter"]
[Result "1/2-1/2"]
[WhiteElo "2225"]
[BlackElo "2000"]
[PlyCount "69"]
[EventDate "2014.??.??"]

1. e4 e5 2. Nf3 Nc6 3. d4 exd4 4. Bc4 Bc5 5. Ng5 Nh6 6. Nxf7 Nxf7 7. Bxf7+ Kxf7
8. Qh5+ g6 9. Qxc5 d5 10. Bf4 dxe4 11. O-O Bf5 12. Nd2 Re8 13. Rfe1 Qd7 14. c3
Rad8 15. cxd4 Qxd4 16. Qa3 Qb4 17. Qg3 Rxd2 18. Bxd2 Qxd2 19. Qb3+ Kf8 20. Qxb7
e3 21. Rxe3 Rxe3 22. fxe3 Qxe3+ 23. Kh1 Qb6 24. Qa8+ Kg7 25. Qe8 Qxb2 26. Re1
Qf6 27. Qe3 h5 28. a4 a5 29. Rc1 Qd4 30. Qg3 Ne5 31. Rxc7+ Kh6 32. h3 Nd3 33.
Re7 h4 34. Qe3+ Qxe3 35. Rxe3 1/2-1/2

[Event "Mechanics' SummerTNM; 30/90, SD/30"]
[Site "San Francisco"]
[Date "2014.07.01"]
[Round "6.4"]
[White "Fuentes, Romulo"]
[Black "Krasnov, Steven"]
[Result "1-0"]
[WhiteElo "2225"]
[BlackElo "2007"]
[Annotator "Donaldson"]
[PlyCount "83"]
[EventDate "2014.??.??"]

1. e4 e6 2. d4 d5 3. Nc3 Nf6 4. Bg5 Be7 5. e5 Nfd7 6. h4 h6 7. Bxe7 Qxe7 8. Qg4
f5 9. Qg3 a6 10. O-O-O O-O 11. f4 c5 12. dxc5 Nxc5 13. Qe3 b6 14. Nf3 Nbd7 15.
h5 Bb7 16. Rg1 Ne4 17. Nxe4 dxe4 18. Nd4 Rac8 19. g4 fxg4 20. Rxg4 Rf7 21. Be2
Bd5 22. Kb1 b5 23. Rdg1 Rc7 24. Rg6 Kh7 25. f5 Nxe5 26. fxe6 Rf6 27. Rxg7+ Qxg7
28. Rxg7+ Rxg7 29. b3 Nf3 30. e7 Rg8 31. e8=Q Rxe8 32. Nxf3 exf3 33. Bd3+ Be4
34. Bxe4+ Kg7 35. Qg1+ Kf8 36. Bd5 Rf5 37. Qg8+ Ke7 38. Qg7+ Kd8 39. Bxf3 Re1+
(39... Rxf3 40. Qd4+ Kc7 41. Qc5+ Kb8 42. Qb6+ Kc8 43. Qc6+) 40. Kb2 Rxf3 41.
Qxh6 Rf2 42. Qb6+ 1-0

[Event "Mechanics' Spring TNM; 30/90, SD/30"]
[Site "San Francisco"]
[Date "2014.05.06"]
[Round "8.1"]
[White "Fuentes, Romulo"]
[Black "Lee, Andy"]
[Result "0-1"]
[WhiteElo "2225"]
[BlackElo "2320"]
[Annotator "Donaldson"]
[PlyCount "82"]
[EventDate "2014.??.??"]

1. Nf3 Nf6 2. d4 g6 3. Nc3 d5 4. Bf4 Bg7 5. Qd2 c6 6. Bh6 Bxh6 7. Qxh6 Bf5 8.
Qd2 Nbd7 9. h3 Qc7 10. e3 O-O 11. Bd3 Bxd3 12. cxd3 e5 13. O-O Rfe8 14. dxe5
Nxe5 15. Nxe5 Qxe5 16. Ne2 a5 17. Rac1 Nd7 18. Rc3 Qd6 19. d4 Nf6 20. Rb3 Ne4
21. Qc2 Re7 22. a4 Qd7 23. Nf4 Qf5 24. Nd3 Nd6 25. Rc1 Rae8 26. Ne5 Qxc2 27.
Rxc2 f6 28. Nd3 Nc4 29. Nc5 b6 {Diagram #} 30. Rxc4 $5 dxc4 31. Rxb6 Rc8 32.
Kf1 Ree8 33. Na6 f5 34. g3 g5 35. Ke2 f4 36. gxf4 gxf4 37. Kf3 $2 (37. Nc5 $11)
37... fxe3 38. fxe3 Re6 39. Nb8 Rh6 40. h4 Rf8+ 41. Ke4 Re6# 0-1

[Event "Mechanics' Spring TNM; 30/90, SD/30"]
[Site "San Francisco"]
[Date "2014.04.22"]
[Round "6.6"]
[White "Fuentes, Romulo"]
[Black "Ostrovsky, Sergey"]
[Result "1-0"]
[WhiteElo "2225"]
[BlackElo "1983"]
[Annotator "Donaldson"]
[PlyCount "45"]
[EventDate "2014.??.??"]

1. e4 c5 2. Nf3 Nc6 3. d4 cxd4 4. Nxd4 Nf6 5. Nc3 g6 6. Be3 Bg7 7. Bc4 Qa5 8.
Nxc6 (8. O-O) (8. f3 Qb4 9. Bb3 Nxe4 10. Nxc6 Bxc3+ 11. bxc3 Qxc3+ 12. Ke2 dxc6
13. Bd4 e5) 8... bxc6 (8... dxc6 9. O-O O-O $11) 9. O-O Qb4 $2 {Diagram #} (
9... O-O 10. Bb3 d6 $11) 10. Qd4 $1 Qxb2 11. Rab1 Qa3 12. e5 d5 {Diagram #} 13.
Nxd5 $1 $18 Nxd5 14. Bxd5 cxd5 15. Qxd5 O-O 16. Qxa8 Qxa2 17. Rb8 Qe6 18. Bd4
a6 19. h3 Bd7 20. Rxf8+ Bxf8 21. Be3 Kg7 22. Rd1 f5 23. exf6+ 1-0

[Event "Mechanics' Whitehead TNM; 30/90, SD/30"]
[Site "San Francisco"]
[Date "2014.09.23"]
[Round "8.5"]
[White "Fuentes, Romulo"]
[Black "Steger, Alex"]
[Result "1-0"]
[WhiteElo "2215"]
[BlackElo "2029"]
[PlyCount "31"]
[EventDate "2014.??.??"]

1. e4 e5 2. Nf3 Nc6 3. d4 exd4 4. Bc4 Bc5 5. Ng5 Nh6 6. Nxf7 Nxf7 7. Bxf7+ Kxf7
8. Qh5+ g6 9. Qxc5 d5 10. O-O dxe4 11. c3 Re8 12. Bf4 Bf5 13. Na3 d3 14. Nb5
Rc8 15. Nxa7 Nxa7 16. Qxa7 {
and White went on to win - scoresheets illegible from this point on.} 1-0

[Event "Mechanics' SummerTNM; 30/90, SD/30"]
[Site "San Francisco"]
[Date "2014.06.10"]
[Round "3.3"]
[White "Fuentes, Romulo"]
[Black "Uzzaman, Ashik"]
[Result "0-1"]
[WhiteElo "2225"]
[BlackElo "2086"]
[PlyCount "70"]
[EventDate "2014.??.??"]

1. e4 c5 2. Nf3 g6 3. d4 cxd4 4. Nxd4 Nc6 5. Nc3 Bg7 6. Be3 Nf6 7. Bc4 O-O 8.
Bb3 a5 9. a4 Ng4 10. Qxg4 Nxd4 11. Bxd4 Bxd4 12. Qg3 d6 13. h4 Be6 14. O-O-O
Qb6 15. Bxe6 fxe6 16. h5 Bxf2 17. Qg4 Rf6 18. Rd3 Qc5 19. hxg6 Rxg6 20. Qh3
Qg5+ 21. Kb1 h6 22. e5 d5 23. Rf3 Bd4 24. Nb5 Bb6 25. g4 Qxe5 26. Rhf1 Qg5 27.
Qg3 Rc8 28. Rf4 h5 29. Rh1 e5 30. Rff1 e4 31. Qh2 h4 32. Rf5 Qxg4 33. Rxd5 e3
34. Re5 Qxa4 35. Rg1 Qxc2+ 0-1

[Event "Mechanics' Whitehead TNM; 30/90, SD/30"]
[Site "San Francisco"]
[Date "2014.08.19"]
[Round "3.6"]
[White "Fuentes, Romulo"]
[Black "Wang, Yuan"]
[Result "1-0"]
[WhiteElo "2215"]
[BlackElo "1850"]
[PlyCount "29"]
[EventDate "2014.??.??"]

1. e4 c5 2. Nf3 d6 3. d4 cxd4 4. Nxd4 Nf6 5. Nc3 g6 6. Be3 Bg7 7. f3 O-O 8. Qd2
Nc6 9. Bc4 Bd7 10. h4 Qa5 11. O-O-O Rfc8 12. Bb3 Ne5 13. h5 Nxh5 14. g4 Nf6 15.
Kb1 {Remaining moves unreadable.} 1-0

[Event "Mechanics' Winter TNM; 30/90, SD/30"]
[Site "San Francisco"]
[Date "2014.02.25"]
[Round "8.29"]
[White "Furukawa, John"]
[Black "Schlosberg, Mark"]
[Result "1-0"]
[WhiteElo "1533"]
[BlackElo "671"]
[Annotator "Donaldson"]
[PlyCount "65"]
[EventDate "2014.??.??"]

1. e4 c5 2. c3 d6 (2... Nf6) (2... d5 3. exd5 Qxd5) (2... e6 3. d4 d5) 3. d4
Nc6 (3... Nf6) 4. Nf3 (4. d5 Ne5 5. f4 Ng6 6. c4) 4... Bg4 5. Be2 Nf6 6. Nbd2
cxd4 7. Nxd4 (7. cxd4 Bxf3 8. Nxf3 Nxe4 9. d5 Nb8 $2 (9... Qa5+ $1) 10. Qa4+)
7... Bxe2 8. Qxe2 e5 9. N4f3 Be7 10. O-O O-O 11. Re1 Re8 12. Nf1 Qc7 13. Ng3 d5
14. exd5 Nxd5 15. Qc4 Qd6 (15... Rad8) 16. Nf5 Nb6 $4 (16... Qe6) 17. Nxd6 Nxc4
18. Nxc4 e4 19. Rxe4 Bf6 20. Rxe8+ Rxe8 21. Be3 a6 22. Rd1 b5 23. Rd6 Nb8 24.
Nce5 h6 25. Ng4 Be7 26. Rd5 Kh7 27. h3 g6 28. Bd4 f6 29. Nxf6+ Bxf6 30. Bxf6
Re2 31. Rd8 g5 32. Ne5 h5 33. Rh8# 1-0

[Event "Mechanics' Spring TNM; 30/90, SD/30"]
[Site "San Francisco"]
[Date "2014.04.22"]
[Round "6.27"]
[White "Furukawa, Jon"]
[Black "Agdamag, Samuel"]
[Result "1-0"]
[WhiteElo "1533"]
[BlackElo "1333"]
[PlyCount "41"]
[EventDate "2014.??.??"]

1. e4 c5 2. c3 Nc6 3. d4 cxd4 4. cxd4 e6 5. Nf3 d6 6. Nc3 Nf6 7. Bb5 a6 8. Bd3
Nxe4 9. Nxe4 Qb6 10. O-O Bd7 11. Bf4 Nxd4 12. Nxd4 e5 13. Be3 exd4 14. Bf4 Be7
15. Re1 O-O 16. b3 Rac8 17. Rc1 Rxc1 18. Bxc1 Re8 19. Ng3 Qa5 20. Qd2 Bc6 21.
Qxa5 1-0